Welcome to the Holygrace Academy Library

Please use search bar below to get started

THE CIRCULATORY SYSTEM (Record no. 6269)

MARC details
000 -LEADER
fixed length control field 00241nam a22001217a 4500
020 ## - INTERNATIONAL STANDARD BOOK NUMBER
ISBN 1-84557-272-6
082 ## - DEWEY DECIMAL CLASSIFICATION NUMBER
Classification number 001
Item number RIS/C
245 ## - TITLE STATEMENT
Title THE CIRCULATORY SYSTEM
260 ## - PUBLICATION, DISTRIBUTION, ETC. (IMPRINT)
Place of publication UK
Name of publisher RISING SUN
300 ## - PHYSICAL DESCRIPTION
Number of Pages 31
650 ## - SUBJECT ADDED ENTRY--TOPICAL TERM
Topical Term GK
Geographic subdivision UK
942 ## - ADDED ENTRY ELEMENTS (KOHA)
Koha item type Books
Holdings
Withdrawn status Lost status Collection code Home library Current library Shelving location Date acquired Source of acquisition Full call number Accession Number Koha item type
    G.K Main Library Main Library SHELF-17E-SCIENCE RELATED BOOKS 10/10/2006 PURCHASE 001 RIS/C 01888 Books